00729nam a22001937a 450000500170000001000150001702000260003203500140005803700130007208200120008510000250009724501070012226000420022927000750027130000200034694200260036699900190039295201240041120170321145113.0 aENG-117539 a9788175364325c150.00 aEN-101071 bDBAD/PUB a780.954 aPingle, Bhavanrav A. aHistory of Indian music :cby Bhavanrav A. Pingle bwith particular reference to theroy and practice / aDelhibLow Price Publications c2007 aA-6, Nimri Commerical Center, Near Ashok Vihar Phase-IVbDelhie110052 a124p.c22cm(Hb) 2ddccENh780.954mPIN c138388d138388 001040708NFICaBL4bBL4d2017-03-21eDBAD/PUBg150.00l0o780.954 PINpEN-101071r2017-03-21 00:00:00t1v150.00yEN